000 00562cam a22002053a 4500
001 38521
003 PGUSA
005 20140828083841.0
008 120107s2012||||xxu|||||s|||||000 | eng d
040 _aPGUSA
_beng
042 _adc
100 1 _aTrevena, John,
_d1870-
245 1 2 _aA Drake by George!
_h[electronic resource] /
_cJohn Trevena
260 _bProject Gutenberg,
_c2012
506 _aPublic domain in the USA.
516 _aElectronic text
830 0 _aProject Gutenberg
_v38521
856 4 0 _uhttp://www.gutenberg.org/ebooks/38521
942 _cEB
999 _c267775
_d267775